000 00761nam a2200289 a 4500
003 AR-BaBNM
005 20251128205106.0
008 082120s2002 ||||||||||||||000 | spa||
020 _a84-7432-574-9
040 _cAR-BaBNM
100 1 _aAugé, Marc
245 0 0 _aHacia una antropología de los mundos contemporáneos
250 _a1ª ed.
260 _aBarcelona
_bGedisa
_c1995
300 _a165 p.
490 0 _aEl mamífero parlante
650 4 _aSOCIOLOGIA CULTURAL
650 4 _aETNOLOGIA
650 4 _aSOCIOLOGIA POLITICA
650 4 _aANTROPOLOGIA CULTURAL Y SOCIAL
650 4 _aESTUDIOS CULTURALES
650 4 _aCAMBIO SOCIAL
653 _aMODERNIDAD
700 1 _aBixio, Alberto Luis
_etraductor
942 _cBK
998 _cMARTIN
999 _c9954
_d9954